| 000 | 01318nam a2200349 i 4500 | ||
|---|---|---|---|
| 001 | 51437 | ||
| 003 | KOSZ 005 | ||
| 005 | 20220615135534.0 | ||
| 008 | 981010s1998 pl f |000 0 pol d | ||
| 020 | _a8390700611 | ||
| 040 |
_cKOSZ 005 _aKOSZ 005 _dKOSZ 005/HR |
||
| 041 | 0 | _apol | |
| 046 | _k1998 | ||
| 080 | _a629.33 | ||
| 080 | _a(075.3) | ||
| 100 | 1 |
_aBałaziński, Walerian _eAutor |
|
| 245 | 1 | 0 |
_aMechanik pojazdów samochodowych : _bbudowa i eksploatacja pojazdów : praca zbiorowa. _nCz. 1, _pKonstrukcje zespołów i podzespołów / _c[pod red. Mariana Kozłowskiego ; oprac. zespół Walerian Bałaziński, Marian Kozłowski, Kazimierz Tokarz] |
| 250 | _aWyd. 2. | ||
| 260 |
_aWrocław : _bVogel, _c1998. |
||
| 300 |
_a208 s. : _bil. (w tym kolor.) ; _c24 cm. |
||
| 380 | _aKsiążki | ||
| 388 | _a1901-2000 | ||
| 388 | _a1989-2000 | ||
| 521 | _aDo nauczania w zawodzie mechanik pojazdów samochodowych na poziomie szkoły zasadniczej. | ||
| 650 | 7 | _aSamochody | |
| 655 | 7 | _aPodręcznik | |
| 658 | _aInżynieria i technika | ||
| 700 | 1 |
_aTokarz, Kazimierz _d(1949-2008) _eAutor |
|
| 700 | 1 |
_aKozłowski, Marian _eAutor _eRedakcja |
|
| 856 |
_uhttp://koha.tu.koszalin.pl/cgi-bin/koha/opac-detail.pl?biblionumber=51437 _yKatalog online BPK |
||
| 942 |
_cKS _2UKD |
||
| 999 |
_c51437 _d51437 |
||